No respect : intellectuals & popular culture = Sin respeto : intelectuales y cultura popular /
Wedi'i Gadw mewn:
| Prif Awdur: | |
|---|---|
| Fformat: | Anhysbys |
| Iaith: | English |
| Cyhoeddwyd: |
New York :
Routledge,
1989.
|
| Pynciau: | |
| Tagiau: |
Ychwanegu Tag
Dim Tagiau, Byddwch y cyntaf i dagio'r cofnod hwn!
|
MARC
| LEADER | 000000000a22000000004500 | ||
|---|---|---|---|
| 001 | 014423 | ||
| 020 | |a 0415900379 | ||
| 041 | 0 | |a eng | |
| 082 | 0 | 4 | |a 973.9 |b R823n |
| 100 | 1 | |a Ross, Andrew, |d 1956- | |
| 245 | 1 | 0 | |a No respect : |b intellectuals & popular culture = Sin respeto : intelectuales y cultura popular / |c Andrew Ross. |
| 246 | 3 | 1 | |a Sin respeto : intelectuales y cultura popular |
| 260 | 1 | |a New York : |b Routledge, |c 1989. | |
| 300 | |a 269 páginas : |b ilustraciones ; |c 23 cm. | ||
| 650 | 4 | |a CULTURA POPULAR | |
| 650 | 4 | |a ESTADOS UNIDOS | |
| 650 | 4 | |a INTELECTUALES | |
| 650 | 4 | |a SIGLO 20 | |
| 650 | 4 | |a CIVILIZACION | |
| 650 | 4 | |a VIDA INTELECTUAL | |
| 500 | |a Colección George Yúdice | ||
| 999 | |c 20313 |d 20313 | ||
| 942 | |c BK |h 973.9 R823n |2 z | ||



